000
00328nam a22001337a 4500
008
171228b xxu||||| |||| 00| 0 eng d
020
_a
0444824308
041
_a
eng
080
_a
616.8
100
_a
7
101
_a
NEU
245
_a
Functional Neuroscience: Sensory, Motor and Cognitive Systems
_c
Barber, C
942
_2
udc
_c
BK
999
_c
39509
_d
39509